Geography of the Indian Subcontinent - Statistics

General Stats
  • This quiz has been taken 410 times
  • The average score is 12 of 15
Answer Stats
Hint Answer % Correct
World's tallest mountain range Himalayan Mountains
94%
Most populous city in India Mumbai
94%
Mountainous country landlocked by India on three sides Nepal
92%
River in Pakistan which gave birth to one of the world's oldest civilizations Indus River
89%
Capital of Pakistan Islamabad
87%
Sea located due south of Pakistan Arabian Sea
86%
Bay located to the east of India Bay of Bengal
85%
Most sacred river in India Ganges River
85%
Island formerly named Ceylon by the British Sri Lanka
84%
Country that gained their independence from Pakistan in 1971 Bangladesh
83%
Capital of the above Kathmandu
82%
Largest city in Pakistan (By Population) Karachi
81%
Region that caused three wars to be fought between India and Pakistan Jammu and Kashmir
72%
Also known as "The Great Indian Desert" Thar Desert
58%
Type of forest found in the above, which is one of the largest of its kind Mangrove
37%
No matching quizzes found
Score Distribution
Percent of People with Each Score
Percentile by Number Answered
Your Score History
You have not taken this quiz